Le monde égéen : Troie, Crète, Mycènes /

Guardat en:
Dades bibliogràfiques
Autor principal: Matz, Friedrich (autor)
Format: Llibre
Idioma:francès
Publicat: París, Francia : Buchet/Chastel, 1956, c1956
Col·lecció:(Grandes Civilisations de l'Antiquité)
Matèries:
Etiquetes: Afegir etiqueta
Sense etiquetes, Sigues el primer a etiquetar aquest registre!

MARC

LEADER 00000nam^a2200000^a^4500
001 000015945
005 20250521000000.0
009 20260310084040.199
037 |a Acervo ITESO - Biblioteca 
041 |a FRA 
082 |a 949. 58012  |b MAT 
100 |a Matz, Friedrich  |e (autor) 
245 1 3 |a Le monde égéen : Troie, Crète, Mycènes /  |c F. Matz ; tr. por Jacques Boitel. 
264 4 |a París, Francia :  |b Buchet/Chastel,  |c 1956, c1956 
300 |a 271 p. 
336 |a texto  |b txt  |2 rdacontenido 
337 |a sin mediación  |b n  |2 rdamedio 
338 |a volumen  |b nc  |2 rdasoporte 
440 1 |a (Grandes Civilisations de l'Antiquité) 
649 |a XX 
650 |a Troya, Turquía -  |x Historia -  |y Período Antiguo 
650 |a Micenas, Grecia -  |x Historia 
650 |a Creta, Grecia -  |x Historia 
650 |a Grecia -  |x Historia -  |y Período Clásico, 479-323 a.C. 
650 |a Grecia -  |x Historia -  |y Período Helenístico, 323-146 a.C. 
650 |a Arqueología -  |z Grecia 
650 |a Historia Antigua 
910 |a Fondo General 
920 |a Impresos - Libros 
930 |a Colección General 
905 |a 101 
901 |a 0159450100  |b IT1  |c ACC  |i 015945  |u 20250521 
902 |a https://opac.biblio.iteso.mx/vufind/Record/000015945